The Firm as a nexus of treaties

Αποθηκεύτηκε σε:
Λεπτομέρειες βιβλιογραφικής εγγραφής
Άλλοι συγγραφείς: Aoki, Masahiko 1938- (Επιμελητής έκδοσης), Gustafsson, Bo 1931- (Επιμελητής έκδοσης), Williamson, Oliver E. (Επιμελητής έκδοσης)
Μορφή: Βιβλίο
Γλώσσα:English
Δημοσίευση: London : Sage, 1990
Θέματα:
Ετικέτες: Προσθήκη ετικέτας
Δεν υπάρχουν, Καταχωρήστε ετικέτα πρώτοι!

MARC

LEADER 00000nam a2200000 i 4500
001 1/21064
008 930901s1990 eng d
020 |a 0803982445 
020 |a 0803982453 
035 |l 10021654 
040 |a GR-MY-UA  |b gre  |e aacr 
041 0 |a eng 
082 0 |a 338.7 
245 1 4 |a The Firm as a nexus of treaties /  |c edited by Masahiko Aoki, Bo Gustafsson, and Oliver E. Williamson 
260 |a London :   |b Sage,   |c 1990 
300 |a x, 358 p.;  |b ill.;  |c 22 cm. 
504 |a Includes bibliographies and index 
650 0 0 |a Industrial organization (Economic theory)  |x Mathematical models. 
700 1 |a Aoki, Masahiko  |d 1938-  |4 edt 
700 1 |a Gustafsson, Bo  |d 1931-  |4 edt 
700 1 |a Williamson, Oliver E.  |4 edt 
852 |a INST  |b CHIOS  |e 19930901  |h 338.7 FIR  |p 005200010629  |q 005200010629  |t BK  |y 4  |x 20120518 
909 |a Χ  |b 024049